000 00604cam a2200193 a 4500
001 4976567
005 20260331055537.0
008 971128s1997 ii b 001 0 eng
020 _a9788170248989
082 _a305.56 PRA
100 1 _aRavi Prasad, D. M.
245 1 0 _aDalit youth :
_ba sociological study /
_cD.M. Ravi Prasad.
260 _aNew Delhi :
_bA.P.H. Pub. Corp.,
_c1997.
300 _ax, 192 p. ;
_c23 cm.
650 0 _aDalits
_zIndia
_zAndhra Pradesh.
650 0 _aAndhra Pradesh (India)
_zSocial conditions.
650 0 _aAndhra Pradesh (India)
_zEconomic conditions.
942 _2ddc
_cBK
999 _c12553
_d12553